Ben Cleuch Estates Ltd v Scottish Enterprises (Record no. 76865)

MARC details
000 -LEADER
fixed length control field 01582cad a22001815a 4500
001 - CONTROL NUMBER
control field ##L133211
008 - FIXED-LENGTH DATA ELEMENTS--GENERAL INFORMATION
fixed length control field 060420e20060301stk v 000 0 eng u
035 ## - SYSTEM CONTROL NUMBER
System control number (Sirsi) u133211
041 0# - LANGUAGE CODE
Language code of text/sound track or separate title eng
245 00 - TITLE STATEMENT
Title Ben Cleuch Estates Ltd v Scottish Enterprises
Medium [electronic resource]
260 ## - PUBLICATION, DISTRIBUTION, ETC.
Date of publication, distribution, etc. 2006
520 ## - SUMMARY, ETC.
Summary, etc. [2006] CSOH 35, 1 March 2006. Considered whether a break notice had been validly served by S on a property acquired on 14 October 2002. S had the benefit of a break option to terminate the lease 10 years early and sought to exercise that option, serving a formal notice of this intention. However, the notice was served on an associated company, Bonnytoun Estates Ltd. B contented that the notice was invalid and consequently raised court proceedings for the lease to continue until 2016. S argued that because B was a subsidiary of Bonnytoun Estates Ltd, the companies had the same registered office and company director, that was all that was required. As a secondary argument, S presented evidence of invoices issued by the B's agent that indicated that B was acting on behalf of Bonnytoun Estates Ltd. "Held" : Court ruled in favour of B. It was ruled that S had not thoroughly checked the details of the formal notice.
650 24 - SUBJECT ADDED ENTRY--TOPICAL TERM
Topical term or geographic name entry element BEN CLEUCH ESTATES LTD V SCOTTISH ENTERPRISE
651 #4 - SUBJECT ADDED ENTRY--GEOGRAPHIC NAME
Geographic name Scotland
Chronological subdivision 1999-
690 ## - LOCAL SUBJECT ADDED ENTRY--TOPICAL TERM (OCLC, RLIN)
Topical term or geographic name as entry element PROPERTY-COMMERCIAL PROPERTY-LEASEHOLD COMMERCIAL PROPERTY-COMMERCIAL LANDLORD AND TENANT-BUSINESS TENANCIES
856 40 - ELECTRONIC LOCATION AND ACCESS
Uniform Resource Identifier <a href="https://www.scotcourts.gov.uk/opinions/2006csoh35.html">https://www.scotcourts.gov.uk/opinions/2006csoh35.html</a>
Public note View the Judgment at www.scotcourts.gov.uk...
942 ## - ADDED ENTRY ELEMENTS (KOHA)
Suppress in OPAC 0
Holdings
Withdrawn status Lost status Source of classification or shelving scheme Damaged status Not for loan Home library Current library Shelving location Date acquired Total Checkouts Full call number Barcode Date last seen Copy number Price effective from Koha item type
    Dewey Decimal Classification     Virtual Virtual Online 20/04/2006   ONLINE PUBLICATION 133211-1001 06/08/2019 1 06/08/2019 Law report